000 01091nam a2200313 i 4500
003 EG-GICUC
005 20260121101505.0
008 251215s1998 ua ||||f |||| 000 0 ara d
017 _a98/4095
020 _a977-19-5654-1
040 _a EG-GICUC
_bara
_c EG-GICUC
_d EG-GICUC
_erda
041 _aara
082 0 4 _221
_a343.8
_bس ي . د
092 0 4 _221
099 _aLaw1 10 343.8 س ي . د 1998
100 0 _aالسيد عتيق
_eمؤلف.
245 1 0 _aدروس في علم الإجتماع الجنائي الأسس والمبادئ /
_cالسيد عتيق.
264 1 _aالقاهرة :
_bدار الهضة العربية,
_c1998.
300 _a264 صفحة ؛
_c24 سم
336 _2rda content
_atext
337 _2rda media
_aComputer
338 _2rda carrier
_aOnline Resource
500 _aيشتمل على إرجاعات ببليوجرافية.
650 1 4 _aالعلوم المساعدة للقانون الجنائي
_2qrmak
651 1 _2qrmak
856 4 0 _uhttps://fll.law.cu.edu.eg/fulltext/bks/B10-07204.pdf
905 _a79
942 _2ddc
_cBK
_e21
_n0
999 _c50594
_d50594